000 00434nam a22001817a 4500
003 MPLRDC
005 20220104155843.0
008 210129b ||||| |||| 00| 0 eng d
082 _a418.976 ZTLF
100 _a齐藤隆夫
245 _a低周波穴道疗法
_c
250 _a三版
260 _a
_b正义出版社
_c1992
300 _b
490 _a健康丛书. 75
650 _a电波疗法
942 _cBK
_o418.976 ZTLF
999 _c54702
_d54692